[Event "34th Chess Olympiad (women)"]
[Site "Istanbul"]
[Date "2000.11.08"]
[Round "11.30.3"]
[White "Shabanaj, Alda"]
[Black "Siti, Zulaikha"]
[WhiteElo "2000"]
[BlackElo "2000"]
[WhiteCountry "ALB"]
[BlackCountry "MAS"]
[Result "1-0"]

1. d4 Nf6 2. c4 g6 3. Nc3 Bg7 4. e4 d6 5. f4 c5 6. d5 Qa5 7. Bd2 O-O 8. Nf3 Bg4 
9. Bd3 Nbd7 10. O-O a6 11. h3 Bxf3 12. Rxf3 Rab8 13. Qe2 Ne8 14. h4 Bd4+ 
15. Kh1 h5 16. Rg3 Nef6 17. Nb5 Qb6 18. Nxd4 cxd4 19. e5 dxe5 20. fxe5 Ng4 
21. e6 Nde5 22. Bh6 Nxd3 23. Rxg4 hxg4 24. Qxd3 Qxb2 25. Rf1 f5 26. Bxf8 Rxf8 
27. h5 Kg7 28. hxg6 Kxg6 29. c5 Qxa2 30. Qxd4 Qe2 31. Rd1 g3 32. Kg1 Qh5 
33. Kf1 Qh1+ 34. Qg1 Qh5 35. Qd4 Rh8 36. d6 Qxd1+ 37. Qxd1 Rh1+ 38. Ke2 Rxd1 
39. dxe7 
1-0

[Event "34th Chess Olympiad (women)"]
[Site "Istanbul"]
[Date "2000.11.08"]
[Round "11.31.1"]
[White "Minnaar, Michelle"]
[Black "Paasikangas-Tella, Johanna"]
[WhiteElo "2062"]
[BlackElo "2301"]
[WhiteCountry "RSA"]
[BlackCountry "FIN"]
[Result "0-1"]

1. d4 d5 2. Nf3 c6 3. Bg5 Bg4 4. Nbd2 Qb6 5. Qc1 Nd7 6. h3 Bh5 7. e3 Ngf6 
8. Bd3 e6 9. c4 Bxf3 10. gxf3 dxc4 11. Nxc4 Bb4+ 12. Ke2 Qd8 13. a3 Be7 
14. b4 Nb6 15. Rg1 Nxc4 16. Qxc4 Rc8 17. Rac1 a6 18. a4 Qb6 19. b5 axb5 
20. axb5 Nd5 21. bxc6 Bxg5 22. Rxg5 O-O 23. Rb1 Qd8 24. Rbg1 g6 25. Qb3 Rxc6 
26. Qxb7 Rb6 27. Qa7 Rb2+ 28. Kf1 Rd2 29. Qa3 Qf6 30. Ke1 Rxd3 31. Qxd3 Qxf3 
32. R5g3 Qf6 33. Ke2 Ra8 34. Rd1 Qh4 35. Rd2 Ra1 36. Qc4 Qh5+ 37. Kd3 Ra3+ 
38. Kc2 Qf5+ 39. Kb2 Ra8 40. Qc2 Rb8+ 41. Kc1 Qh5 42. Qc5 Qh4 43. Rb2 Ra8 
44. Qd6 Rc8+ 45. Kd2 Qe4 46. Qe5 Qh1 47. Rc2 Ra8 48. Ke2 Nc3+ 49. Kd3 Nd5 
50. Kd2 Nb4 51. Rb2 Qf1 52. e4 Qxf2+ 53. Kc3 Na2+ 54. Rxa2 Qxa2 55. Rg4 Ra3+ 
56. Kb4 Qb3+ 
0-1

[Event "34th Chess Olympiad (women)"]
[Site "Istanbul"]
[Date "2000.11.08"]
[Round "11.31.2"]
[White "Rantanen, Tanja"]
[Black "Meyer, Marany"]
[WhiteElo "2120"]
[BlackElo "2087"]
[WhiteCountry "FIN"]
[BlackCountry "RSA"]
[Result "1-0"]

1. e4 d6 2. d4 Nf6 3. Bd3 g6 4. Nf3 Bg7 5. O-O O-O 6. Nbd2 Nc6 7. c3 e5 
8. Bb5 Bd7 9. dxe5 Nxe5 10. Bxd7 Qxd7 11. Re1 Nd3 12. Rf1 Rfe8 13. Qc2 Nxc1 
14. Raxc1 Re7 15. Rcd1 Rae8 16. Rfe1 Qc8 17. c4 b6 18. Re2 Qb7 19. Rde1 Bh6 
20. Kf1 Nd7 21. Nb1 Bg7 22. Nfd2 Be5 23. Nc3 Bxc3 24. Qxc3 c6 25. Qd4 Qc7 
26. Nb1 d5 27. exd5 Qxh2 28. Re3 Qh1+ 29. Ke2 Rxe3+ 30. fxe3 Qxg2+ 31. Kd1 cxd5 
32. cxd5 Qf3+ 33. Kc1 Qe4 34. Qxe4 Rxe4 35. Nc3 Re8 36. Kd1 f5 37. Nb5 a5 
38. Kd2 Re5 39. Nc3 Kf7 40. Kd3 Kf6 41. Kc4 Ke7 42. Kb5 Kd6 43. b4 axb4 
44. Kxb4 Nf6 45. Kc4 g5 46. Rb1 Nd7 47. Rh1 Nf6 48. Rh6 Ke7 49. Kd4 Nd7 
50. Rxh7+ Kd8 51. Rxd7+ 
1-0

[Event "34th Chess Olympiad (women)"]
[Site "Istanbul"]
[Date "2000.11.08"]
[Round "11.31.3"]
[White "Van Der Merwe, Cecile"]
[Black "Ristoja, Aulikki"]
[WhiteElo "2000"]
[BlackElo "2000"]
[WhiteCountry "RSA"]
[BlackCountry "FIN"]
[Result "1/2-1/2"]

1. e4 d5 2. exd5 Qxd5 3. Nc3 Qa5 4. d4 Nf6 5. Nf3 c6 6. Bd3 Bg4 7. O-O Nbd7 
8. Re1 Qc7 9. Be2 e6 10. Ng5 Bf5 11. Bf3 Nb6 12. d5 O-O-O 13. Nge4 Nbxd5 
14. Qe2 h5 15. Nxd5 Nxd5 16. c4 Nf4 17. Qe3 Nd3 18. Rd1 Bxe4 19. Qxe4 Nxc1 
20. Raxc1 Bd6 21. h3 Qa5 22. a3 Qe5 23. Qxe5 Bxe5 24. Rc2 g6 25. Rcd2 Rxd2 
26. Rxd2 c5 27. b4 cxb4 28. axb4 Bc3 29. Ra2 a6 30. b5 a5 31. c5 Rd8 
32. Rc2 Bb4 33. b6 Kb8 34. c6 bxc6 35. Rxc6 Rc8 36. Rxc8+ Kxc8 37. Kf1 e5 
38. Ke2 f5 39. Bd5 a4 40. f3 Bc5 41. b7+ Kc7 42. Kd3 h4 43. Kc4 Bd6 44. Kb5 a3 
45. Ka4 e4 46. fxe4 fxe4 47. Kb3 e3 48. Bf3 g5 49. Ka2 Kb6 50. b8=Q+ Bxb8 
51. Kxa3 Kc5 52. Kb3 Be5 53. Kc2 Kc4 54. Be2+ Kd4 55. Bf3 Bc7 56. Bg4 Ba5 
57. Bf3 Bd2 58. Bg4 Ke4 59. Bf3+ Kf4 60. Kd3 Kg3 61. Ke2 
1/2-1/2

[Event "34th Chess Olympiad (women)"]
[Site "Istanbul"]
[Date "2000.11.08"]
[Round "11.32.1"]
[White "Charest, Johanne"]
[Black "Mohammed, Janer"]
[WhiteElo "2136"]
[BlackElo "2000"]
[WhiteCountry "CAN"]
[BlackCountry "IRQ"]
[Result "1-0"]

1. e4 e5 2. Nf3 Nc6 3. Bc4 Bc5 4. c3 Nf6 5. d4 exd4 6. cxd4 Bb4+ 7. Nc3 Nxe4 
8. O-O Bxc3 9. d5 Ne7 10. bxc3 O-O 11. Re1 Nf6 12. d6 Nf5 13. dxc7 Qxc7 
14. Qd3 d5 15. Bb3 h6 16. Ba3 Rd8 17. h3 Be6 18. g4 Ne7 19. Nd4 Ng6 
20. Nxe6 fxe6 21. Qxg6 Qf7 22. Qxf7+ Kxf7 23. c4 Rac8 24. cxd5 Nxd5 
25. Rac1 Rxc1 26. Rxc1 Kf6 27. Bb2+ Kg6 28. Bxd5 
1-0

[Event "34th Chess Olympiad (women)"]
[Site "Istanbul"]
[Date "2000.11.08"]
[Round "11.32.2"]
[White "Al-Rufei, Eman H"]
[Black "Bryskine, Marina"]
[WhiteElo "2031"]
[BlackElo "2200"]
[WhiteCountry "IRQ"]
[BlackCountry "CAN"]
[Result "1/2-1/2"]

1. e4 e5 2. Nf3 Nc6 3. Bc4 Bc5 4. d3 h6 5. Nc3 Nf6 6. Be3 Bb6 7. a3 d6 
8. h3 Bd7 9. O-O Ne7 10. Re1 O-O 11. Ne2 c6 12. Ba2 Bc7 13. Ng3 Kh8 
14. Qd2 Nfg8 15. Nh4 Kh7 16. Nhf5 Nxf5 17. Nxf5 Bxf5 18. exf5 d5 19. Qe2 Qf6 
20. g4 Rfe8 21. Kg2 e4 22. dxe4 Rxe4 23. c3 Rae8 24. Qf3 Bb6 25. Bb1 R4e5 
26. Bc2 Bxe3 27. Rxe3 Rxe3 28. fxe3 Qg5 29. Re1 Nf6 30. Kf2 Ne4+ 31. Bxe4 Rxe4 
32. Rd1 Qh4+ 33. Ke2 Qf6 34. Rd4 Rxd4 35. exd4 Qd6 36. Qf2 Qe7+ 37. Qe3 Qc7 
38. Qf2 Qb6 39. Kf3 Qd8 40. Qe2 Qh4 41. Kg2 Qg5 42. Kg3 Qc1 43. Kg2 Qf4 44. Qe1 
1/2-1/2

[Event "34th Chess Olympiad (women)"]
[Site "Istanbul"]
[Date "2000.11.08"]
[Round "11.32.3"]
[White "Chu, Stefanie"]
[Black "Ameen, S."]
[WhiteElo "2020"]
[BlackElo "2152"]
[WhiteCountry "CAN"]
[BlackCountry "IRQ"]
[Result "1-0"]

1. e4 e5 2. Nf3 Nc6 3. Bb5 a6 4. Ba4 Nf6 5. O-O d6 6. c3 Be7 7. Re1 O-O 
8. h3 h6 9. d4 exd4 10. cxd4 b5 11. Bb3 Bb7 12. Nbd2 Na5 13. Bc2 Nc6 
14. Nf1 Nh7 15. Ng3 Bg5 16. Nxg5 Nxg5 17. f4 Nh7 18. Nf5 Ne7 19. Nxe7+ Qxe7 
20. e5 dxe5 21. fxe5 Qh4 22. Re2 Qg3 23. Be3 Ng5 24. Bxg5 hxg5 25. Be4 Bxe4 
26. Rxe4 g4 27. Qxg4 Qxg4 28. Rxg4 Rad8 29. Rc1 Rd7 30. Kf2 Rc8 31. Rc6 a5 
32. Ke3 Kf8 33. Rf4 Ke7 34. Rf2 Rcd8 35. Rd2 Rc8 36. d5 Rcd8 37. Ke4 f5+ 
38. Kxf5 Rxd5 39. Rxc7+ Kf8 40. Rxd5 Rxd5 41. Ke6 Rd8 42. Rc5 a4 43. Rxb5 g5 
44. Kf6 Ke8 45. e6 
1-0

[Event "34th Chess Olympiad (women)"]
[Site "Istanbul"]
[Date "2000.11.08"]
[Round "11.33.1"]
[White "Sultan, Hoda"]
[Black "Connolly, Suzanne"]
[WhiteElo "2000"]
[BlackElo "2105"]
[WhiteCountry "UAE"]
[BlackCountry "IRL"]
[Result "1/2-1/2"]

1. e4 c6 2. d4 d5 3. exd5 cxd5 4. c4 e6 5. Nc3 Nf6 6. Nf3 Bb4 7. a3 Bxc3+ 
8. bxc3 Qa5 9. Qc2 Ne4 10. Bd2 Nd7 11. cxd5 exd5 12. Bd3 Ndf6 13. O-O Nxd2 
14. Qxd2 O-O 15. Rfe1 Bg4 16. Ne5 Be6 17. Re3 Rac8 18. Rg3 Ne4 19. Qh6 g6 
20. Ng4 Bxg4 21. Rxg4 f5 22. Rxg6+ hxg6 23. Qxg6+ Kh8 24. Qh6+ 
1/2-1/2

[Event "34th Chess Olympiad (women)"]
[Site "Istanbul"]
[Date "2000.11.08"]
[Round "11.33.2"]
[White "Quinn, Deborah"]
[Black "Hussain, Noora"]
[WhiteElo "2000"]
[BlackElo "2000"]
[WhiteCountry "IRL"]
[BlackCountry "UAE"]
[Result "0-1"]

1. e4 e5 2. Nf3 Nc6 3. Bb5 a6 4. Ba4 Nf6 5. O-O b5 6. Bb3 Be7 7. Re1 O-O 
8. c3 d5 9. exd5 Nxd5 10. Nxe5 Nxe5 11. Rxe5 c6 12. d4 Bd6 13. Re1 Qh4 
14. g3 Qh3 15. Nd2 Bg4 16. f3 Bxg3 17. hxg3 Qxg3+ 18. Kh1 Nf4 19. Re2 Rae8 
20. Bxf7+ Kxf7 21. Qb3+ Be6 22. Qd1 Bd5 23. Ne4 Qxf3+ 24. Kg1 Nxe2+ 
0-1

[Event "34th Chess Olympiad (women)"]
[Site "Istanbul"]
[Date "2000.11.08"]
[Round "11.33.3"]
[White "Hassan, Jawaher"]
[Black "Shaughnessy, Elizabeth"]
[WhiteElo "2000"]
[BlackElo "2000"]
[WhiteCountry "UAE"]
[BlackCountry "IRL"]
[Result "1-0"]

1. e4 e5 2. Nf3 d5 3. exd5 Bd6 4. Nc3 Nf6 5. Bb5+ c6 6. dxc6 bxc6 7. Bc4 O-O 
8. d3 Bg4 9. h3 Bh5 10. Bg5 h6 11. Bh4 Nbd7 12. g4 Bg6 13. Qe2 Qb6 
14. O-O-O Rab8 15. Bb3 e4 16. dxe4 Bf4+ 17. Kb1 Rfe8 18. Qc4 Ne5 19. Nxe5 Bxe5 
20. f3 Rb7 21. Na4 Qb5 22. Qxb5 Rxb5 23. Bf2 a6 24. Nc5 Ra5 25. Nd3 Nd7 
26. Be1 Rb5 27. Ba4 Rbb8 28. Bxc6 Re7 29. Bb4 Bxb2 30. Nxb2 Ne5 31. Bxe7 Nxc6 
32. Bh4 f6 33. Bg3 Rb7 34. c4 Bf7 35. Rd6 Na5 36. Rd8+ Kh7 37. Rb8 Rd7 
38. Rd1 Rxd1+ 39. Nxd1 Bxc4 40. Ne3 Be2 41. e5 fxe5 42. Bxe5 Nc6 43. Re8 Bxf3 
44. Bc3 Be2 45. Rc8 Bd3+ 46. Kb2 Be4 47. Rc7 
1-0

[Event "34th Chess Olympiad (women)"]
[Site "Istanbul"]
[Date "2000.11.08"]
[Round "11.34.1"]
[White "Sanli, Emine"]
[Black "Agosto, Erika"]
[WhiteElo "2000"]
[BlackElo "2036"]
[WhiteCountry "TURB"]
[BlackCountry "ITA"]
[Result "0-1"]

1. e4 e5 2. Bc4 Nf6 3. d3 Bc5 4. Nf3 Nc6 5. c3 d6 6. Bb3 O-O 7. Nbd2 a6 
8. a4 Ba7 9. Qe2 h6 10. Nf1 d5 11. Ng3 Be6 12. Bc2 Qd7 13. O-O d4 14. Kh1 Ng4 
15. Nh4 Ne7 16. f4 exf4 17. Ngf5 Ne3 18. Bxe3 dxe3 19. Rxf4 Ng6 20. Rff1 Nxh4 
21. Nxh4 Rae8 22. Nf5 Bxf5 23. Rxf5 Qd6 24. d4 c5 25. Rd1 cxd4 26. cxd4 Qb4 
27. Qxe3 Qxb2 28. Qd3 Rc8 29. Rf2 Rc3 30. Qd2 Rfc8 31. Bd3 Qxd2 32. Rfxd2 Bxd4 
33. Bxa6 Be3 34. Bxb7 Bxd2 35. Bxc8 Rxc8 36. Kg1 Rc1 37. Rxc1 Bxc1 38. Kf2 Bd2 
39. Ke2 Ba5 40. Kd3 Kf8 41. Kc4 Ke7 42. Kb5 Bd2 43. a5 Be3 44. Kc4 Ke6 
45. Kd3 Ba7 46. Ke2 Ke5 47. Kf3 g6 48. h3 h5 49. h4 Bc5 50. a6 Ba7 51. g4 Bb6 
0-1

[Event "34th Chess Olympiad (women)"]
[Site "Istanbul"]
[Date "2000.11.08"]
[Round "11.34.2"]
[White "Arnetta, Marianna"]
[Black "Meseli, Perihan"]
[WhiteElo "2081"]
[BlackElo "2000"]
[WhiteCountry "ITA"]
[BlackCountry "TURB"]
[Result "0-1"]

1. e4 d5 2. exd5 Qxd5 3. Nc3 Qa5 4. d4 c6 5. Nf3 Nf6 6. Bc4 Bf5 7. Ne5 e6 
8. g4 Be4 9. f3 Bd5 10. Bd3 Nbd7 11. Nxd7 Nxd7 12. Bd2 Qc7 13. Nxd5 cxd5 
14. Qe2 O-O-O 15. O-O-O Bd6 16. Kb1 Kb8 17. c4 dxc4 18. Bxc4 Nb6 19. Bb3 Nd5 
20. Rc1 Qd7 21. Bxd5 exd5 22. Qd3 h5 23. h3 hxg4 24. hxg4 g6 25. Bg5 Be7 
26. Bf4+ Bd6 27. Bg5 Be7 28. Bxe7 Qxe7 29. Rhe1 Qd7 30. Qe3 Rc8 31. Qe5+ Ka8 
32. Rxc8+ Rxc8 33. Qe7 Qc6 34. Qc5 Qxc5 35. dxc5 Kb8 36. Re7 Rc7 37. Re8+ Rc8 
38. Rxc8+ Kxc8 39. Kc2 g5 40. Kd3 Kd7 41. Kd4 Kc6 42. b4 Kb5 43. a3 Kc6 
44. a4 a6 45. Ke5 a5 46. bxa5 Kxc5 47. Kf6 d4 48. Kxf7 d3 49. Kg6 d2 
50. Kxg5 d1=Q 51. f4 Qxa4 52. f5 Qxa5 53. f6 Kd6+ 54. Kg6 Ke6 55. g5 Qf5+ 
56. Kh5 Ke5 
0-1

[Event "34th Chess Olympiad (women)"]
[Site "Istanbul"]
[Date "2000.11.08"]
[Round "11.34.3"]
[White "Aydin, Nazli"]
[Black "Arnetta, Maria"]
[WhiteElo "2000"]
[BlackElo "2000"]
[WhiteCountry "TURB"]
[BlackCountry "ITA"]
[Result "0-1"]

1. e4 c5 2. Nf3 e6 3. d4 cxd4 4. Nxd4 Nf6 5. Bd3 Nc6 6. Nf3 d5 7. exd5 Nxd5 
8. O-O Qc7 9. Nbd2 Bd7 10. Nc4 Ncb4 11. Nce5 Nxd3 12. Nxd3 Rc8 13. c3 Bd6 
14. Re1 O-O 15. Nde5 Bb5 16. a4 Ba6 17. Qc2 f6 18. Ng4 e5 19. Ne3 Nxe3 
20. Bxe3 Rfd8 21. Rad1 b6 22. Nd2 Bb7 23. Ne4 Qc6 24. f3 Be7 25. Qb3+ Kf8 
26. Kf2 h6 27. Ng3 Ba6 28. Qc2 Bc5 29. Rxd8+ Rxd8 30. Kg1 Rd3 31. Bf2 Bxf2+ 
32. Kxf2 Qc5+ 33. Ke2 Rxc3+ 
0-1

[Event "34th Chess Olympiad (women)"]
[Site "Istanbul"]
[Date "2000.11.08"]
[Round "11.35.1"]
[White "Gretarsdottir, Lilja"]
[Black "Smith, Vivian"]
[WhiteElo "2000"]
[BlackElo "2000"]
[WhiteCountry "ISL"]
[BlackCountry "NZL"]
[Result "1-0"]

1. e4 d6 2. d4 Nf6 3. Nc3 g6 4. f4 Bg7 5. Nf3 O-O 6. Be3 Bg4 7. h3 Bxf3 
8. Qxf3 Nc6 9. O-O-O Nd7 10. e5 e6 11. d5 exd5 12. Qxd5 Nb6 13. Qf3 Qe7 
14. exd6 cxd6 15. Bb5 Qc7 16. Rhe1 a6 17. Bf1 Rad8 18. Qf2 Nc8 19. Nd5 Qa5 
20. Kb1 Nb4 21. Nxb4 Qxb4 22. Bd4 Rfe8 23. Bxg7 Kxg7 24. f5 f6 25. fxg6 hxg6 
26. a3 Qa5 27. Bd3 Re5 28. Rf1 f5 29. g4 Qc5 30. gxf5 Qxf2 31. Rxf2 Rf8 
32. Rg1 Ne7 33. Rfg2 Re3 34. h4 Rh3 35. Rg4 Rh2 36. fxg6 Nf5 37. Bxf5 Rxf5 
38. R1g2 Rxg2 39. Rxg2 Rh5 40. Rg4 Rh6 41. Kc1 Rh5 42. Kd2 Rf5 43. c4 a5 
44. Ke3 a4 45. Rg5 Rf1 46. h5 Rh1 47. Rb5 Kf6 48. Kd4 Rh4+ 49. Kc3 Rh2 
50. Kb4 Rxb2+ 51. Kxa4 Rh2 52. Rxb7 Rxh5 53. g7 Rg5 54. Kb4 
1-0

[Event "34th Chess Olympiad (women)"]
[Site "Istanbul"]
[Date "2000.11.08"]
[Round "11.35.2"]
[White "Mikhailik, Eleonora"]
[Black "Ingolfsdottir, Harpa"]
[WhiteElo "2000"]
[BlackElo "2100"]
[WhiteCountry "NZL"]
[BlackCountry "ISL"]
[Result "0-1"]

1. e4 e6 2. d4 d5 3. Nd2 c5 4. Ngf3 cxd4 5. exd5 Qxd5 6. Bc4 Qd6 7. Nb3 Nc6 
8. O-O Nf6 9. Nbxd4 Nxd4 10. Nxd4 a6 11. c3 Qc7 12. Bd3 Bd6 13. Nf3 O-O 
14. h3 b5 15. Bg5 Nd5 16. Qc2 h6 17. Bd2 Bb7 18. Be4 Rac8 19. Qc1 Nxc3 
20. Bxc3 Bxe4 21. Qe3 Bd5 22. Qd4 f6 23. Qd1 Rfd8 24. Rc1 Bc4 25. Bd2 Qb6 
26. Be3 Qb8 27. Nd4 Bxf1 28. Nxe6 Bh2+ 
0-1

[Event "34th Chess Olympiad (women)"]
[Site "Istanbul"]
[Date "2000.11.08"]
[Round "11.35.3"]
[White "Kristinsdottir, A"]
[Black "Courtney, Helen"]
[WhiteElo "2025"]
[BlackElo "2000"]
[WhiteCountry "ISL"]
[BlackCountry "NZL"]
[Result "1-0"]

1. e4 e6 2. d4 d5 3. Nd2 c5 4. Ngf3 Nc6 5. exd5 Qxd5 6. Bc4 Qd8 7. dxc5 Bxc5 
8. O-O Nf6 9. c3 O-O 10. Qe2 a6 11. Ne4 Nxe4 12. Qxe4 h6 13. b4 Ba7 14. Bb2 Ne7 
15. Bd3 Ng6 16. c4 Rb8 17. Ne5 Qg5 18. Nxg6 fxg6 19. Be5 Ra8 20. Bd6 Rf4 
21. Bxf4 
1-0

[Event "34th Chess Olympiad (women)"]
[Site "Istanbul"]
[Date "2000.11.08"]
[Round "11.36.1"]
[White "Pacheco, Hilzandryly"]
[Black "Zepeda, Sonia"]
[WhiteElo "2000"]
[BlackElo "2046"]
[WhiteCountry "PUR"]
[BlackCountry "ESA"]
[Result "0-1"]

1. d4 d5 2. Bg5 c6 3. e3 Qc7 4. Bh4 e6 5. f4 c5 6. c3 cxd4 7. Qxd4 Nc6 
8. Qa4 Bd7 9. Qd1 Qb6 10. Qc1 Bc5 11. Bf2 Nf6 12. Bd3 Ng4 13. b4 Bxe3 
14. Bxe3 Qxe3+ 15. Qxe3 Nxe3 16. g3 Ng4 17. Nf3 O-O 18. h3 Nf6 19. Nbd2 Rfc8 
20. O-O Rc7 21. a4 Rac8 22. Nb3 Be8 23. Nc1 Nd7 24. Ne2 g6 25. a5 Ne7 
26. g4 Nf6 27. Nd2 a6 28. Rfc1 Bd7 29. Rab1 Ne8 30. Nb3 Nd6 31. Nbd4 Nc4 
32. Kh2 Kg7 33. Bxc4 Rxc4 34. b5 axb5 35. Nxb5 Bxb5 36. Rxb5 Nc6 37. Rxb7 Nxa5 
38. Rd7 Re4 39. Nd4 Rxd4 
0-1

[Event "34th Chess Olympiad (women)"]
[Site "Istanbul"]
[Date "2000.11.08"]
[Round "11.36.2"]
[White "Pastor, Tahnya"]
[Black "Martinez, Natiska"]
[WhiteElo "2000"]
[BlackElo "2000"]
[WhiteCountry "ESA"]
[BlackCountry "PUR"]
[Result "1/2-1/2"]

1. c4 e5 2. g3 Bc5 3. Bg2 Ne7 4. Nc3 d6 5. e3 Nbc6 6. Nge2 Bf5 7. d4 exd4 
8. exd4 Bb6 9. O-O a6 10. a3 O-O 11. b4 Re8 12. Be3 Qd7 13. Re1 h6 14. Nf4 Ba7 
15. Ncd5 Nxd5 16. Bxd5 Rab8 17. Bg2 Nxd4 18. Rc1 Bg4 19. Qd3 Bf5 20. Qc3 c5 
21. Bxd4 cxd4 22. Qd2 Rxe1+ 23. Rxe1 b5 24. cxb5 Rxb5 25. Nd5 Be6 26. Nf4 Re5 
27. Rc1 d5 28. Nd3 Rf5 29. Nc5 Qd6 30. Qxd4 Qc6 31. Qd3 Qb5 32. Qe3 a5 
33. Qe1 axb4 34. axb4 Qb8 35. Bh3 Rf6 36. Bxe6 fxe6 37. Qd2 Bxc5 38. bxc5 Qd8 
39. c6 Qc7 40. Qa2 Rf8 41. f4 Rc8 42. Qa6 d4 43. Qc4 Qd6 44. c7 Kf8 45. Kf2 d3 
46. Qc5 Ke7 47. Ke3 d2 48. Qxd6+ Kxd6 49. Kxd2 Rxc7 50. Rxc7 Kxc7 51. Ke3 Kd6 
52. Ke4 g6 53. g4 Ke7 54. Ke5 Kf7 55. h4 Ke7 56. g5 hxg5 57. fxg5 Kf7 
58. Kd6 e5 59. Kxe5 Ke7 60. Kd5 Kd7 61. Kc5 Ke6 62. Kc6 Ke5 
1/2-1/2

[Event "34th Chess Olympiad (women)"]
[Site "Istanbul"]
[Date "2000.11.08"]
[Round "11.36.3"]
[White "Basem-Hassan, Mirian"]
[Black "Osorio, Lorena"]
[WhiteElo "2000"]
[BlackElo "2000"]
[WhiteCountry "PUR"]
[BlackCountry "ESA"]
[Result "1/2-1/2"]

1. d4 d5 2. e3 c6 3. Bd3 Nf6 4. f4 Bg4 5. Nf3 e6 6. O-O Bd6 7. c3 O-O 
8. Qe1 Bxf3 9. Rxf3 Ne4 10. Nd2 f5 11. Rf1 Nd7 12. Nf3 Ndf6 13. Ne5 Kh8 
14. Bd2 Qe8 15. Qd1 Rg8 16. Be1 g5 17. Be2 g4 18. Nd3 Rg6 19. g3 h5 20. Kg2 Qg8 
21. Rh1 h4 22. gxh4 g3 23. h3 Nf2 24. Bxf2 gxf2+ 25. Kxf2 Ne4+ 26. Ke1 Be7 
27. Bf1 Bxh4+ 28. Ke2 Rg2+ 29. Bxg2 Qxg2+ 30. Nf2 Qxf2+ 31. Kd3 Nf6 32. Rg1 Rg8 
33. Rxg8+ Kxg8 34. Qb3 Ne4 35. Rd1 Nd6 36. Rd2 Qf3 37. Qc2 Qe4+ 38. Ke2 Qxc2 
39. Rxc2 Ne4 40. Rc1 Kh7 41. c4 Bd8 42. cxd5 exd5 43. b4 Nd6 44. a4 a6 
45. Rb1 Kg6 46. b5 axb5 47. axb5 Nxb5 48. Rg1+ Kf7 49. Rh1 Bh4 50. Ra1 Be7 
51. Rg1 Nd6 52. Ra1 Bf6 53. Rc1 Nc4 54. Ra1 Ke7 55. Ra7 Nd6 56. Kf3 Bh4 
57. Ke2 Kd7 58. Ra8 Ke7 59. Rh8 Bf6 60. Rh7+ Kf8 61. Kd3 Kg8 62. Rd7 Nc8 
63. Rxb7 Ne7 64. Rb2 Kf7 65. Rg2 Ng6 
1/2-1/2

[Event "34th Chess Olympiad (women)"]
[Site "Istanbul"]
[Date "2000.11.08"]
[Round "11.37.1"]
[White "Al-Sherkh Khade, Wasila"]
[Black "Tan, Winnie"]
[WhiteElo "2000"]
[BlackElo "2000"]
[WhiteCountry "SYR"]
[BlackCountry "SIN"]
[Result "1-0"]

1. e4 e5 2. Nf3 Nc6 3. d4 exd4 4. Nxd4 Qh4 5. Nb5 Bb4+ 6. c3 Qxe4+ 7. Be2 Ba5 
8. O-O Nge7 9. Re1 O-O 10. Bd3 Qh4 11. b4 Bb6 12. Be3 d5 13. a3 Be6 
14. Bxb6 cxb6 15. Qe2 Ng6 16. Bxg6 hxg6 17. Nc7 Kh7 18. Nxa8 Rxa8 19. Nd2 Rh8 
20. Nf3 Qf6 21. Qe3 Kg8 22. Ng5 Ne7 23. Nxe6 Nf5 24. Qe2 Qh4 25. h3 Rh5 
26. g4 Qxh3 27. gxh5 Nh4 28. f4 Qg3+ 29. Kh1 Nf3 30. Ng5 Nxg5 31. fxg5 Qh4+ 
32. Qh2 Qc4 33. hxg6 fxg6 34. Re8+ Kf7 35. Qh8 
1-0

[Event "34th Chess Olympiad (women)"]
[Site "Istanbul"]
[Date "2000.11.08"]
[Round "11.37.2"]
[White "Xu, Yaping"]
[Black "Al -Jindi, Nibal"]
[WhiteElo "2000"]
[BlackElo "2000"]
[WhiteCountry "SIN"]
[BlackCountry "SYR"]
[Result "1-0"]

1. f4 d5 2. Nf3 g6 3. d4 Bg7 4. e3 c5 5. c3 Nc6 6. Be2 Nh6 7. O-O Bg4 
8. h3 Bxf3 9. Bxf3 c4 10. e4 dxe4 11. Bxe4 Rc8 12. Nd2 O-O 13. Qf3 e6 
14. d5 Na5 15. dxe6 fxe6 16. Kh1 Qc7 17. Qe2 Nf5 18. Qf2 b6 19. Nf3 e5 
20. g4 Nd6 21. Bd5+ Kh8 22. Ng5 Rf6 23. Qh4 Bf8 24. Be3 Nc6 25. fxe5 Rxf1+ 
26. Rxf1 h6 27. Rxf8+ 
1-0

[Event "34th Chess Olympiad (women)"]
[Site "Istanbul"]
[Date "2000.11.08"]
[Round "11.37.3"]
[White "Khalifeh, Diana"]
[Black "Rolles, May"]
[WhiteElo "2000"]
[BlackElo "2000"]
[WhiteCountry "SYR"]
[BlackCountry "SIN"]
[Result "1-0"]

1. e4 c5 2. Nc3 Nc6 3. g3 g6 4. Bg2 Bg7 5. d3 e6 6. Be3 Nd4 7. f4 Ne7 
8. Nf3 Nec6 9. O-O O-O 10. e5 f6 11. exf6 Bxf6 12. Rb1 d6 13. Ne4 Nxf3+ 
14. Qxf3 Bg7 15. c3 e5 16. Qe2 Bf5 17. g4 Be6 18. a3 Qd7 19. h3 b5 20. Ng5 Rac8 
21. Nxe6 Qxe6 22. Rbe1 exf4 23. Bxf4 Qxe2 24. Rxe2 Rfd8 25. Bd5+ Kh8 
26. Bg5 Rf8 27. Rxf8+ Bxf8 28. Bf6+ Bg7 29. Bxg7+ Kxg7 30. Bxc6 Rxc6 
31. Re7+ Kf6 32. Rxa7 h5 33. gxh5 gxh5 34. Rb7 b4 35. axb4 cxb4 36. Rxb4 Rc7 
37. Rd4 Rd7 38. Kf2 Rb7 39. b4 Rc7 40. Re4 Kf5 41. c4 Rb7 42. b5 Rb6 43. Ke3 d5 
44. Rd4 dxc4 45. Rd5+ Kg6 46. dxc4 Kh6 47. Kd4 
1-0

[Event "34th Chess Olympiad (women)"]
[Site "Istanbul"]
[Date "2000.11.08"]
[Round "11.38.1"]
[White "Phiri, Catherine"]
[Black "Amina, Oubaaqua"]
[WhiteElo "2000"]
[BlackElo "2000"]
[WhiteCountry "ZAM"]
[BlackCountry "MAR"]
[Result "0-1"]

1. e4 c5 2. Nf3 d6 3. d4 cxd4 4. Nxd4 Nf6 5. Nc3 a6 6. Be2 e6 7. O-O b5 
8. a3 Bb7 9. f3 Be7 10. Qd3 Nbd7 11. Qd1 Rc8 12. Qe1 d5 13. Kh1 dxe4 
14. fxe4 Nxe4 15. Nxe4 Bxe4 16. c3 Bh4 17. Nxe6 Qe7 18. Bg5 Bxg5 19. Nxg5 Qxg5 
20. Bf3 f5 21. Bxe4 fxe4 22. Qxe4+ Kd8 23. Rae1 Kc7 24. Qd4 Qc5 25. Qxc5+ Nxc5 
26. Rf7+ Kb8 27. Ree7 Rhe8 28. Rxg7 Rxe7 29. Rxe7 Rd8 30. h3 Rd1+ 31. Kh2 Rd2 
32. b4 Na4 
0-1

[Event "34th Chess Olympiad (women)"]
[Site "Istanbul"]
[Date "2000.11.08"]
[Round "11.38.2"]
[White "Kamal, Fatima"]
[Black "Mtine, Joy"]
[WhiteElo "2000"]
[BlackElo "2000"]
[WhiteCountry "MAR"]
[BlackCountry "ZAM"]
[Result "1/2-1/2"]

1. e4 c5 2. Nf3 g6 3. d4 Bg7 4. dxc5 Qa5+ 5. c3 Qxc5 6. Be3 Qc7 7. Nbd2 Nc6 
8. Be2 Nf6 9. O-O O-O 10. Re1 Ng4 11. Bg5 Qb6 12. Nd4 Nxf2 13. Kxf2 e5 
14. Nc4 Qc7 15. Nxc6 bxc6 16. Qd6 Qb7 17. b3 Re8 18. Qd2 d5 19. Nd6 Qb6+ 
20. Kf1 Re6 21. Nxc8 Rxc8 22. Bg4 f5 23. exf5 Rf8 24. f6 Rexf6+ 25. Bxf6 Rxf6+ 
26. Bf3 e4 27. Qe3 Qa6+ 28. Kg1 exf3 29. gxf3 Rf8 30. Kg2 Qc8 31. Qe6+ Qxe6 
32. Rxe6 Bxc3 33. Rc1 d4 34. Rxc6 Re8 
1/2-1/2

[Event "34th Chess Olympiad (women)"]
[Site "Istanbul"]
[Date "2000.11.08"]
[Round "11.38.3"]
[White "Banda, Mercy"]
[Black "Zahira, El"]
[WhiteElo "2000"]
[BlackElo "2000"]
[WhiteCountry "ZAM"]
[BlackCountry "MAR"]
[Result "0-1"]

1. e4 c5 2. Bc4 a6 3. Nf3 d6 4. Ng5 e6 5. d3 Nf6 6. Nc3 Nc6 7. a3 Be7 
8. Nf3 Nd7 9. O-O b5 10. Ba2 Bb7 11. Bd2 O-O 12. Ne2 Rc8 13. Ng3 Nb6 14. Rb1 a5 
15. Qe2 b4 16. Bc4 Nxc4 17. dxc4 Re8 18. Rfd1 Ba6 19. axb4 axb4 20. b3 d5 
21. Bc1 d4 22. Ne1 Bb7 23. f4 Bf8 24. Nd3 Qc7 25. Rf1 f5 26. Qh5 Ne7 27. e5 Ng6 
28. Nf2 Qc6 29. Qf3 Qa6 30. Qh5 Qc6 31. Qf3 Qxf3 32. gxf3 Bxf3 33. Nd3 Bb7 
34. Ra1 Ra8 35. Bb2 Nh4 36. Kf2 Nf3 37. h3 Nh4 38. Rg1 Ng6 39. Ne2 Be4 
40. Ne1 Rxa1 41. Bxa1 Ra8 42. Nd3 Ra2 43. Rc1 Bxd3 44. cxd3 Nxf4 
0-1

[Event "34th Chess Olympiad (women)"]
[Site "Istanbul"]
[Date "2000.11.08"]
[Round "11.39.1"]
[White "Wiesuriya, Vineetha"]
[Black "Lopang, Tshepiso"]
[WhiteElo "2000"]
[BlackElo "2000"]
[WhiteCountry "SRI"]
[BlackCountry "BOT"]
[Result "1-0"]

1. d4 d5 2. Nf3 e6 3. c3 Bd6 4. Qc2 f5 5. Bg5 Ne7 6. e3 a6 7. Nbd2 Nbc6 
8. Bd3 Qd7 9. Bxe7 Qxe7 10. h4 h5 11. Ng5 Bd7 12. f4 Nd8 13. Ndf3 Rc8 
14. Ne5 c5 15. Ng6 Qf6 16. Nxh8 cxd4 17. exd4 Bxf4 18. Qe2 Qh6 19. Bxf5 Qxh8 
20. Nxe6 Nxe6 21. Bxe6 Bb5 22. Qf3 Rc6 23. Qxf4 Rxe6 24. Kd1 Kd7 25. Qf7+ Kd6 
26. Re1 Rxe1+ 27. Kxe1 Qh6 28. Qf2 Qf6 29. Kd2 Qh6+ 30. Qe3 Qg6 31. g3 Qg4 
32. Re1 Bd7 33. Qf4+ Qxf4 34. gxf4 g6 35. Re5 b6 36. b3 a5 37. c4 Bc6 
38. Rg5 Be8 39. Rxd5+ 
1-0